000
00256nam a2200109 a 4500
005
20140513081050.0
008
020606s19uu xx 00 eng d
050
_a
P 411
_b
NEW
245
_a
New Zealand writers.
650
_a
Writers--Poster
999
_c
116308
_d
116308